| 000 | 00000nam##2200000za#4500 |
| 001 | 9.613939 |
| 003 | CaOODSP |
| 005 | 20241203113634 |
| 007 | ta |
| 008 | 150406|1997||||xxc||||| f|0| 0 eng|d |
| 020 | |a0-662-25923-8 |
| 040 | |aCaOODSP|beng |
| 043 | |an-cn--- |
| 086 | 1 |aEn56-119/4-1997E |
| 110 | 1 |aCanada. |bEnvironment Canada. |
| 245 | 10|aClimate change and climate variability in Atlantic Canada|cEdited by Jim Abraham, Teresa Canavan and Roderick Shaw. Issued by the Atlantic Region. |
| 260 | |aOttawa - Ontario : |bEnvironment Canada |c1997. |
| 300 | |alxvi, 130p. : |bgraphs, references, tables ; |c28 cm. |
| 490 | 1 |aCanada country study|vVolume VI |
| 500 | |aContents: Regional context.--Climate of Atlantic Canada.--Regional climate sensitivities.--Adaptation.--Knowledge gaps. Contributions for this report have been extracted (with a few exceptions) from: Climate variability and climate change in Atlantic Canada: proceedings of a workshop, Halifax, Nova Scotia, 3-6 December 1996 [Cat. No. CW69-12/9-1996E; ISBN 0-662-25571-2]. |
| 563 | |aSoftcover |
| 590 | |a97-47|b1997-11-21 |
| 690 | 07|aClimate|2gcpds |
| 720 | 1 |aAbraham, Jim |
| 720 | 1 |aCanavan, Teresa |
| 720 | 1 |aShaw, Roderick |
| 776 | 0#|tClimate change and climate variability in Atlantic Canada|w(CaOODSP)9.574591 |
| 830 | #0|aCanada country study ;|vVolume VI|w(CaOODSP)9.514592 |